Franz Kafka (Record no. 60875)

MARC details
000 -LÍDER
campo de controle de tamanho fixo 00329 a2200157 4500
001 - NÚMERO DE CONTROLE
campo de controle 60875
020 ## - ISBN - INTERNATIONAL STANDARD BOOK NUMBER
ISBN - International Standard Book Number 9788561635831
040 ## - FONTE DA CATALOGAÇÃO
Instituição que transcreveu o registro Anchieta - Pituba
100 ## - ENTRADA PRINCIPAL--NOME PESSOAL
Nome pessoal Heidelbach, Nikolaus
240 10 - TÍTULO UNIFORME
Título uniforme Franz Kafka
Idioma da obra por
245 10 - TÍTULO
Título Franz Kafka
300 ## - DESCRIÇÃO FÍSICA
Extensão 117
362 0# - DATAS DE PUBLICAÇÃO E/OU DESIGNAÇÃO SEQUENCIAL
Datas de publicação e/ou designação sequencial 2010
650 #4 - ASSUNTO--TERMO TÓPICO
Cabeçalho tópico ou nome geográfico Literatura alemã
942 ## - ELEMENTOS DE ENTRADA ADICIONADOS (KOHA)
Tipo de material Koha Livros
Holdings
Situação do descarte Situação das perdas Situação física Não pode ser emprestado Biblioteca de origem Biblioteca atual Data de aquisição Total de empréstimos Número de chamada completo Código de barras Data de último acesso Data do preço efetivo Tipo de material Koha
        Colégio Anchieta - Pituba Colégio Anchieta - Pituba 21/11/2023   830 F837f FRA 12681/PIT 21/11/2023 21/11/2023 Livros